[Event "Saint Affrique op 22nd"]
[Site "Saint Affrique"]
[Date "2014.07.24"]
[Round "7"]
[White "Roubaud, Brennan"]
[Black "Salvador, Lucie"]
[Result "1/2-1/2"]
[WhiteElo "1282"]
[BlackElo "1437"]
[PlyCount "97"]
[EventDate "2014.07.19"]
[EventType "swiss"]
[EventRounds "9"]
[EventCountry "FRA"]
[SourceTitle "CBM 161 Extra"]
[Source "ChessBase"]
[SourceDate "2014.08.29"]
[SourceVersion "1"]
[SourceVersionDate "2014.08.29"]
[SourceQuality "1"]

1. e4 e5 2. Nf3 Nc6 3. Bb5 Bc5 4. d3 Nd4 5. Be3 Nxf3+ 6. Qxf3 Bxe3 7. Qxe3 h6 8. Nc3 Qg5 9. Qxg5 hxg5 10. Bc4 Nf6 11. Nb5 Kd8 12. Bxf7 Ng4 13. h3 a6 14. Nc3 d6 15. Nd5 Nf6 16. 0-0-0 Nxd5 17. Bxd5 Rf8 18. f3 a5 19. d4 Rb8 20. dxe5 b5 21. exd6 cxd6 22. Bc6 Rb6 23. Bd5 Rf6 24. Ba8 Ra6 25. e5 Re6 26. Bd5 Rxe5 27. Rhe1 Rf5 28. Be6 Bxe6 29. Rxe6 Rf6 30. Rxf6 gxf6 31. Rd5 Rb6 32. a4 Ke7 33. Rxb5 Ra6 34. b4 axb4 35. Rxb4 Ke6 36. Kd2 Ke5 37. Kd3 d5 38. c4 Kf4 39. cxd5+ Kg3 40. Rg4+ Kf2 41. Ke4 Rxa4+ 42. Kf5 Ra6 43. h4 gxh4 44. Rxh4 Kxg2 45. Rh6 Rd6 46. Ke4 f5+ 47. Kxf5 Rxh6 48. Ke5 Kxf3 49. d6 1/2-1/2

[Event "Saint Affrique op 22nd"]
[Site "Saint Affrique"]
[Date "2014.07.22"]
[Round "5"]
[White "Gaubert, Cedric"]
[Black "Roubaud, Brennan"]
[Result "0-1"]
[WhiteElo "1384"]
[BlackElo "1282"]
[PlyCount "102"]
[EventDate "2014.07.19"]
[EventType "swiss"]
[EventRounds "9"]
[EventCountry "FRA"]
[SourceTitle "CBM 161 Extra"]
[Source "ChessBase"]
[SourceDate "2014.08.29"]
[SourceVersion "1"]
[SourceVersionDate "2014.08.29"]
[SourceQuality "1"]

1. d4 Nf6 2. Nf3 e6 3. Bf4 d5 4. e3 a6 5. Bd3 h6 6. Nbd2 c5 7. c3 Nc6 8. 0-0 Qb6 9. Qc2 c4 10. Be2 Nd8 11. Rab1 Qa5 12. b4 Qb6 13. a4 Bd7 14. a5 Qc6 15. Ra1 Bd6 16. Bxd6 Qxd6 17. Ne5 0-0 18. e4 Nc6 19. Nxc6 Qxc6 20. e5 Ne8 21. f4 Nc7 22. Bg4 f5 23. Bh5 Be8 24. Bf3 b6 25. axb6 Qxb6 26. Nxc4 Qc6 27. Na5 Qb6 28. g4 Nb5 29. gxf5 Rxf5 30. Bxd5 Nxd4 31. Qf2 Rxf4 32. Bxe6+ Qxe6 33. Qa2 Rxf1+ 34. Kxf1 Qxa2 35. Rxa2 Bf7 36. Rd2 Nf3 37. Re2 Be6 38. c4 Nd4 39. Re4 Rf8+ 40. Kg1 Nf3+ 41. Kh1 Nd2 42. Rd4 Nf1 43. Rd6 Ne3 44. h4 Bxc4 45. Nxc4 Nxc4 46. Rxa6 Nxe5 47. b5 Rb8 48. Ra5 Nf3 49. Ra3 Nxh4 50. Rb3 Nf5 51. b6 g5 0-1

[Event "Saint Affrique op 22nd"]
[Site "Saint Affrique"]
[Date "2014.07.20"]
[Round "2"]
[White "Pottier, Simeon"]
[Black "Roubaud, Brennan"]
[Result "1-0"]
[WhiteElo "1619"]
[BlackElo "1282"]
[PlyCount "41"]
[EventDate "2014.07.19"]
[EventType "swiss"]
[EventRounds "9"]
[EventCountry "FRA"]
[SourceTitle "CBM 161 Extra"]
[Source "ChessBase"]
[SourceDate "2014.08.29"]
[SourceVersion "1"]
[SourceVersionDate "2014.08.29"]
[SourceQuality "1"]

1. d4 g6 2. e4 d6 3. Nc3 Bg7 4. Be3 Nd7 5. Qd2 e5 6. d5 Ngf6 7. f3 0-0 8. g4 Nb8 9. 0-0-0 Ne8 10. h4 f5 11. gxf5 gxf5 12. exf5 Bxf5 13. h5 Bf6 14. Bh3 Bxh3 15. Nxh3 Bh4 16. Rdg1+ Kh8 17. Ng5 Bxg5 18. Bxg5 Qd7 19. Rg3 c6 20. Rhg1 Na6 21. Bh6 1-0